300 Länder/Territorien (mit Karte) - Statistiken

Allgemein
  • Dieses Quiz wurde 91 mal gespielt
    61 seit der letzten Aktualisierung
  • Das Durchschnittsergebnis liegt bei 212 aus 300
Antworten auf der Karte
Die Antworten werden auf der Karte rot bzw. grün angezeigt, abhängig davon wie oft sie richtig erraten wurden.
 
Antwortstatistiken
Antwort % Korrekt
Kanada
97%
Vereinigte Staaten
97%
El Salvador
95%
Grönland
95%
Honduras
95%
Mexiko
95%
Nicaragua
95%
Panama
95%
Russland
95%
Andorra
92%
Argentinien
92%
Belgien
92%
Belize
92%
Brasilien
92%
Chile
92%
China
92%
Costa Rica
92%
Dänemark
92%
Deutschland
92%
England
92%
Finnland
92%
Frankreich
92%
Georgien
92%
Guatemala
92%
Guyana
92%
Haiti
92%
Indien
92%
Iran
92%
Irland
92%
Island
92%
Italien
92%
Kasachstan
92%
Kolumbien
92%
Kuba
92%
Liechtenstein
92%
Luxemburg
92%
Marokko
92%
Mongolei
92%
Niederlande
92%
Nordirland
92%
Norwegen
92%
Österreich
92%
Peru
92%
Polen
92%
Portugal
92%
Schottland
92%
Schweden
92%
Schweiz
92%
Slowenien
92%
Spanien
92%
Suriname
92%
Syrien
92%
Türkei
92%
Ukraine
92%
Vatikanstadt
92%
Venezuela
92%
Wales
92%
Ägypten
89%
Albanien
89%
Algerien
89%
Angola
89%
Armenien
89%
Aserbaidschan
89%
Äthiopien
89%
Australien
89%
Bahamas
89%
Bangladesch
89%
Benin
89%
Bolivien
89%
Botswana
89%
Dominikanische Republik
89%
Dschibuti
89%
Ecuador
89%
Estland
89%
Eswatini
89%
Ghana
89%
Griechenland
89%
Guinea
89%
Guinea-Bissau
89%
Irak
89%
Israel
89%
Kambodscha
89%
Kamerun
89%
Kenia
89%
Kosovo
89%
Kroatien
89%
Lesotho
89%
Lettland
89%
Libanon
89%
Libyen
89%
Litauen
89%
Madagaskar
89%
Malediven
89%
Mali
89%
Mauretanien
89%
Moldawien
89%
Mosambik
89%
Myanmar
89%
Namibia
89%
Niger
89%
Nigeria
89%
Pakistan
89%
Paraguay
89%
Rumänien
89%
San Marino
89%
Saudi-Arabien
89%
Senegal
89%
Sierra Leone
89%
Simbabwe
89%
Slowakei
89%
Südafrika
89%
Sudan
89%
Südsudan
89%
Tansania
89%
Togo
89%
Tschad
89%
Tschechien
89%
Tunesien
89%
Uganda
89%
Usbekistan
89%
Belarus
86%
Bhutan
86%
Bulgarien
86%
Burkina Faso
86%
Burundi
86%
Dominica
86%
Elfenbeinküste
86%
Eritrea
86%
Gabun
86%
Gambia
86%
Indonesien
86%
Jamaika
86%
Japan
86%
Jemen
86%
Jordanien
86%
Kap Verde
86%
Katar
86%
Kirgisistan
86%
Kuwait
86%
Laos
86%
Liberia
86%
Malaysia
86%
Malta
86%
Monaco
86%
Nepal
86%
Neuseeland
86%
Nordkorea
86%
Oman
86%
Papua-Neuguinea
86%
Ruanda
86%
Serbien
86%
Singapur
86%
Somalia
86%
Sri Lanka
86%
St. Lucia
86%
Südkorea
86%
Tadschikistan
86%
Ungarn
86%
Uruguay
86%
Vietnam
86%
Zentralafrikanische Republik
86%
Zypern
86%
Afghanistan
84%
Äquatorialguinea
84%
Demokratische Republik Kongo
84%
Französisch-Guyana
84%
Grenada
84%
Malawi
84%
Montenegro
84%
Philippinen
84%
Sambia
84%
Seychellen
84%
Taiwan
84%
Thailand
84%
Trinidad und Tobago
84%
Turkmenistan
84%
Vereinigte Arabische Emirate
84%
Bahrain
81%
Barbados
81%
Fidschi
81%
Gibraltar
81%
Komoren
81%
Krim
81%
Mauritius
81%
Nordmazedonien
81%
Republik Kongo
81%
Westsahara
81%
Hongkong
78%
Kiribati
78%
Mikronesien
78%
Palau
78%
Salomonen
78%
São Tomé und Príncipe
78%
Tibet
78%
Vanuatu
78%
Antarktis
76%
Brunei
76%
Marshallinseln
76%
Ost-Timor
76%
Samoa
76%
Tuvalu
76%
Korsika
73%
St. Kitts und Nevis
73%
Tasmanien
73%
Tonga
73%
Falklandinseln
70%
Färöer-Inseln
70%
Kurdistan
70%
Kanarische Inseln
68%
Nauru
68%
Palästina
68%
St. Vincent und die Grenadinen
68%
Antigua und Barbuda
65%
Puerto Rico
65%
Azoren
62%
Baskenland
62%
Bermuda
62%
Curaçao
62%
Isle of Man
62%
Osterinsel
62%
Spitzbergen
62%
St. Helena
62%
Kaliningrad
59%
Nordzypern
57%
Reunion
57%
Aruba
54%
Bosnien und Herzegowina
54%
Guernsey
54%
Somaliland
54%
Donezk
51%
Galapagosinseln
51%
Jersey
51%
Macau
51%
Neukaledonien
51%
Madeira
49%
Transnistrien
49%
Britische Jungferninseln
43%
Französisch-Polynesien
43%
Mayotte
41%
Weihnachtsinsel
41%
Amerikanische Jungferninseln
38%
Bonaire
38%
Cookinseln
38%
Tschetschenien
38%
Abchasien
35%
Amerikanisch-Samoa
35%
Bergkarabach
35%
Dagestan
35%
Guadeloupe
35%
Saint Martin
35%
Sint Maarten
35%
Åland
32%
Ceuta
32%
Luhansk
32%
Martinique
32%
Darfur
30%
Guam
30%
Pitcairninseln
30%
Südossetien
30%
Katalonien
27%
Melilla
27%
Montserrat
27%
Saint-Pierre und Miquelon
27%
Saba
24%
Turks- und Caicosinseln
24%
Anguilla
22%
Jan Mayen
22%
Nördliche Marianen
22%
Norfolkinsel
22%
Saint-Barthélemy
22%
Bouvetinsel
19%
Niue
19%
Tristan da Cunha
19%
Ascension
14%
Cayman-Islands
14%
Kokosinsel
14%
Wallis und Futuna
14%
Bougainville
11%
Britisches Territorium im Indischen Ozean
11%
Clipperton-Insel
11%
Sint Eustatius
11%
Südgeorgien und die Südlichen Sandwichinseln
11%
Tokelau
11%
Aksai Chin
8%
Jammu und Kashmir
8%
Arunachal Pradesh
5%
Akrotiri und Dekelia
3%
Französische Süd- und Antarktisgebiete
3%
Heard und McDonaldinseln
3%
Johnston-Atoll
3%
Lord-Howe-Insel
3%
Palmyra Atoll
3%
Abyei
0%
Bir Tawil
0%
Hala'ib-Dreieck
0%
Ilemi-Dreieck
0%
Juan-Fernández-Inseln
0%
Kingmanriff
0%
Wake Island
0%
Keine übereinstimmenden Quizze gefunden
Verteilung der Resultate
Anzahl Personen mit jedem Resultat
Perzentil nach korrekt beantworteten Fragen
Ihre Resultats-Entwicklung
Sie haben dieses Quiz seit der letzten Aktualisierung nicht gespielt